<?xml version="1.0" encoding="UTF-8"?><OAI-PMH xmlns="http://www.openarchives.org/OAI/2.0/" xmlns:xsi="http://www.w3.org/2001/XMLSchema-instance"     xsi:schemaLocation="http://www.openarchives.org/OAI/2.0/ http://www.openarchives.org/OAI/2.0/OAI-PMH.xsd"><responseDate>2026-05-02T05:24:36Z</responseDate><request verb="GetRecord" identifier="oai:regmurcia.com:fintegr.2719" metadataPrefix="marc21">http://oai.regmurcia.com/oai2/oai2.php</request><GetRecord><record><header><identifier>oai:regmurcia.com:fintegr.2719</identifier><datestamp>2026-05-02</datestamp><setSpec>documentos</setSpec></header><metadata><record  xmlns="http://www.loc.gov/MARC21/slim" xmlns:xsi="http://www.w3.org/2001/XMLSchema-instance" xsi:schemaLocation="http://www.loc.gov/MARC21/slim http://www.loc.gov/standards/marcxml/schema/MARC21slim.xsd" type="Bibliographic"><leader>00000nam a2200000   4500</leader><controlfield tag="001" >005031369</controlfield><controlfield tag="003" >2719</controlfield><controlfield tag="004" >A00000000</controlfield><datafield tag="245" ind1=" " ind2=" "><subfield code="a">Acta de la posesión realizada por Juan Sánchez de Ayala e Inés García de Laza de un huerto cercado en la Arrixaca.</subfield></datafield><datafield tag="300" ind1=" " ind2=" "><subfield code="c">445 x 320 mm.</subfield></datafield><datafield tag="351" ind1=" " ind2=" "><subfield code="a">Unidad Documental Simple</subfield><subfield code="c">Archivo Histórico Provincial. Array</subfield><subfield code="a">Unidad Documental Simple</subfield><subfield code="c">Archivo Histórico Provincial. Array</subfield></datafield><datafield tag="351" ind1=" " ind2=" "><subfield code="b">Pergamino 31 (2)</subfield></datafield><datafield tag="505" ind1=" " ind2=" "><subfield code="a">/codom/17/046.pdf</subfield></datafield><datafield tag="506" ind1=" " ind2=" "><subfield code="a">Acceso restringido</subfield></datafield><datafield tag="510" ind1=" " ind2=" "><subfield code="a">Pub. GARCÍA DÍAZ, ISABEL. Documentos del Monasterio de Santa Clara. Murcia: Academia Alfonso X el Sabio, 1997, p. 69-70</subfield></datafield><datafield tag="520" ind1=" " ind2=" "><subfield code="a">Diego Pérez Fuster entrega a Juan Sánchez de Ayala e Inés García la posesión de un huerto cercado que les habían vendido en la Arrixaca.</subfield></datafield><datafield tag="583" ind1=" " ind2=" "><subfield code="u">http://www.regmurcia.com/servlet/s.Sl?METHOD=VERDOCUMENTO&amp;sit=serv,Carmesi&amp;n=/03/5377/indice.djvu</subfield></datafield><datafield tag="592" ind1=" " ind2=" "><subfield code="a">1414-05-24</subfield></datafield><datafield tag="592" ind1=" " ind2=" "><subfield code="d">1414-05-24 00:00:00</subfield></datafield><datafield tag="651" ind1=" " ind2=" "><subfield code="a">Murcia</subfield></datafield><datafield tag="786" ind1=" " ind2=" "><subfield code="o">http://www.regmurcia.com/servlet/s.Sl?METHOD=VERDOCUMENTO&amp;sit=serv,Carmesi&amp;n=/03/5377/indice.djvu</subfield></datafield><datafield tag="856" ind1=" " ind2=" "><subfield code="u">http://www.regmurcia.com/servlet/s.Sl?METHOD=DETALLE&amp;sit=c,373,m,139,serv,Carmesi&amp;id=2719</subfield></datafield></record></metadata></record></GetRecord></OAI-PMH>
